Clic Les feuilletons quotidiens et les programmes courts de TF1 - Statistiques

Statistiques générales
  • Ce quiz a été pris 65 fois
  • Le résultat moyen est 4 sur 17
Statistiques - réponses
Hint Extra Hint Explanation Réponse % Correct
Ici tout commence Quotidien En cours 2020
67%
Demain nous appartient Quotidien En cours 2017
65%
Plus belle la vie, encore plus belle Quotidien En cours 2024
56%
Sous le soleil Quotidien 1996-2008 1996
25%
Pep's Programme court 2013-2015 2013
25%
Le destin du Dr Calvet Quotidien 1989-1993 1989
21%
Ouf le prof ! Programme court 2005-2008 2005
14%
Seconde chance Quotidien 2008-2009 2008
14%
Les mystères de l'amour Quotidien En cours 2011
14%
Nos chers voisins Programme court 2012-2017 2012
11%
Riviera Quotidien 1991-1992 1991
9%
Code barge Programme court 2008 2008
9%
Que du bonheur ! Programme court 2008 2008
9%
VDM, la série Programme court 2013 2013
9%
Presque adultes Programme court 2017 2017
7%
La famille Cro Programme court 2007-2011 2007
5%
Sous le soleil de Saint-Tropez Quotidien 2013-2014 2013
2%
Aucun quiz correspondant
Distribution des résultats
% des personnes avec chaque résultat
Percentile par nombre de réponses
Votre historique - résultats
Vous n’avez pas pris ce quiz